书目信息 |
| 题名: |
中国近代对外关系史资料选辑
|
|
| 作者: | ;复旦大学历史系中国近代史教研组 编 | |
| 分册: | 上卷 | |
| 出版信息: | 上海 上海人民出版社 1977 |
|
| 页数: | 894页 | |
| 开本: | 20cm | |
| 丛书名: | ||
| 单 册: | ||
| 中图分类: | K254.3 | |
| 科图分类: | ||
| 主题词: | 中国--历史--1840~1949 | |
| 电子资源: | ||
| ISBN: | ||
| 000 | 00832nam0 2200229 450 | |
| 001 | 0655760210 | |
| 005 | 20060815145225.07 | |
| 010 | @dCNY1.10 | |
| 091 | @a11171.240 | |
| 100 | @a20060117d1977 km y0chiy0120 ea | |
| 101 | 0 | @achi |
| 102 | @aCN@b310000 | |
| 102 | @aCN@b310000 | |
| 200 | 1 | @a中国近代对外关系史资料选辑@Azhong guo jin dai dui wai guan xi shi zi liao xuan ji@h上卷@h第一分册@e1840-1949@f复旦大学历史系中国近代史教研组编@Ffu dan da xue li shi xi zhong guo jin dai shi jiao yan zu bian |
| 210 | @a上海@c上海人民出版社@d1977 | |
| 215 | 1 | @a894页@d20cm |
| 517 | 1 | @a1840-1949 |
| 606 | 0 | @a中国@x历史@z1840~1949 |
| 690 | @aK254.3@v4 | |
| 711 | 0 | @a复旦大学历史系中国近代史教研组@Afu dan da xue li shi xi zhong guo jin dai shi jiao yan zu@4编 |
| 801 | 0 | @aCN@bPFT@c20060815 |
| 905 | @a10447@dK254.3@e33:1(1) | |
| 中国近代对外关系史资料选辑.上卷.第一分册:1840-1949/复旦大学历史系中国近代史教研组编.-上海:上海人民出版社,1977 |
| 894页;20cm |
| ISBN :CNY1.10 |
| ● |
| 相关链接 |
|
|
|
|
正题名:中国近代对外关系史资料选辑
索取号:K254.3/33:1(1)
 
预约/预借
| 序号 | 登录号 | 条形码 | 馆藏地/架位号 | 状态 | 备注 |
| 1 | 0001088 | 202195445 | 密集书库/ [索取号:K254.3/33:1(1)] | 在馆 | |
| 2 | 0434881 | 204348811 | 密集书库/ [索取号:K254.3/33:1(1)] | 在馆 | |
| 3 | 0436011 | 204360119 | 密集书库/ [索取号:K254.3/33:1(1)] | 在馆 | |
| 4 | 0460254 | 204602545 | 密集书库/ [索取号:K254.3/33:1(1)] | 在馆 |